Gaming Quiz

Random Gaming or Country Quiz

Countries With Their Own Monopoly Edition Quiz Stats

 Plays Quiz not verified by Sporcle

Support Sporcle.
Go Orange.
Score 0/61 Timer 07:00
0 Plays Today
Country % Correct
United Kingdom
95%
Russia
92.3%
United States of America
91.9%
Australia
90%
Spain
89.5%
Brazil
89%
Italy
88.8%
China
88.3%
Japan
87.3%
France
86.6%
Mexico
85.9%
Sweden
85.4%
Finland
85.2%
India
84.9%
Germany
84.2%
Portugal
84%
New Zealand
83.3%
South Africa
83.3%
Argentina
82.5%
Egypt
82.5%
Ireland
82.5%
Netherlands
81.8%
Norway
81.6%
Denmark
81.3%
Canada
81.3%
Greece
80.4%
Poland
79.7%
Belgium
79.4%
Switzerland
79.2%
Peru
78.5%
Austria
78.2%
Country % Correct
Chile
78%
South Korea
77.5%
Turkey
76.8%
Iceland
73%
Iran
73%
Israel
70.1%
Colombia
70.1%
Iraq
69.6%
Hungary
69.4%
Pakistan
69.4%
Romania
67%
Indonesia
66.5%
Venezuela
66.5%
Saudi Arabia
64.1%
Paraguay
63.4%
Estonia
62.7%
Czech Republic
62.4%
Lithuania
59.3%
Ecuador
59.3%
Luxembourg
58.6%
Uruguay
58.6%
Philippines
56.5%
Malaysia
56.2%
Serbia
56%
Singapore
55.7%
Croatia
55.3%
Panama
51.2%
Costa Rica
51%
Malta
46.2%
Guatemala
40%

You're not logged in!

Compare scores with friends on all Sporcle quizzes.
OR
Log In

From the Vault

The 'Wolf Pack' Toast

by kpisaruk

If you tend to think of yourself as a one man wolf pack, this is the quiz for you.
Remove Ads.
Support Sporcle.
Get the best of Sporcle when you Go Orange. This ad-free experience offers more features, more stats, and more fun while also helping to support Sporcle. Thank you for becoming a member.

Show Comments

Extras

Top Quizzes Today


Score Distribution

Your Account Isn't Verified!

In order to create a playlist on Sporcle, you need to verify the email address you used during registration. Go to your Sporcle Settings to finish the process.

Report this User

Report this user for behavior that violates our Community Guidelines.

Details: